[Event "Moscow Open 2009 B"]
[Site "www.moscowchessopen.ru"]
[Date "2009.02.03"]
[Round "4.89"]
[White "Abdrakhmanov, Ramiss"]
[Black "Nefedov, Sergey"]
[Result "0-1"]
[WhiteElo "1863"]
[BlackElo "2166"]
[Annotator ""]
[Source ""]
[Remark ""]

1.e4 d5 2.exd5 Nf6 3.c4 c6 4.d4 cxd5 5.Nc3 Nc6 6.Nf3 Bg4 7.Be3
e6 8.c5 Ne4 9.Qc2 Qa5 10.Nd2 Nxc3 11.bxc3 e5 12.Qb3 O-O-O 13.Rb1
Qc7 14.Bd3 Be7 15.O-O g5 16.Qa4 Bd7 17.Bb5 Kb8 18.dxe5 Ka8 19.Bd4
Rhg8 20.Nb3 Rg6 21.f4 gxf4 22.Rxf4 f6 23.Bxc6 Bxc6 24.Qa5 Qb8
25.Re1 Rdg8 26.Rf2 Bd8 27.Qa3 Bc7 28.Na5 fxe5 29.Nxc6 Rxc6 30.Be3
d4 31.cxd4 exd4 32.Bxd4 Bxh2+ 33.Kf1 Bg3 34.Re7 Bxf2 35.Bxf2
Rf8 36.Kg1 Rxf2 37.Qe3 Rf8 38.Rxh7 Rcf6 39.g3 Rf3 0-1

[Event "Moscow Open 2009 B"]
[Site "www.moscowchessopen.ru"]
[Date "2009.02.03"]
[Round "4.90"]
[White "Klyuev, Alexander S"]
[Black "Golynsky, Yuri"]
[Result "0-1"]
[WhiteElo "1755"]
[BlackElo "2164"]
[Annotator ""]
[Source ""]
[Remark ""]

1.e4 e5 2.Nc3 Nc6 3.f4 Bb4 4.Nf3 d6 5.Bb5 Bd7 6.O-O Nf6 7.fxe5
dxe5 8.Bxc6 Bxc6 9.d3 h6 10.Kh1 Qe7 11.Qe2 O-O-O 12.a3 Bc5 13.b4
Bb6 14.Bd2 Bd7 15.a4 Bg4 16.Nd1 a6 17.b5 a5 18.Qe1 Bxf3 19.Rxf3
Bd4 20.Bc3 b6 21.Bxd4 exd4 22.Nb2 Nd7 23.Nc4 f6 24.c3 Nc5 25.cxd4
Rxd4 26.Qg3 Rhd8 27.Ne3 Rxd3 28.Re1 Qxe4 0-1

[Event "Moscow Open 2009 B"]
[Site "www.moscowchessopen.ru"]
[Date "2009.02.03"]
[Round "4.91"]
[White "Ramazashvili, Rainer"]
[Black "Mukhin, Viktor"]
[Result "1/2-1/2"]
[WhiteElo "1841"]
[BlackElo "2164"]
[Annotator ""]
[Source ""]
[Remark ""]

1.e4 e5 2.Nf3 Nc6 3.d4 exd4 4.Bc4 d6 5.c3 dxc3 6.Nxc3 Nf6 7.O-O
Be7 8.Bf4 O-O 9.h3 Bd7 10.Re1 Qc8 11.Rc1 Be6 12.Nd5 Qd8 13.a3
Nd7 14.Bb5 Bxd5 15.exd5 Nce5 16.Nxe5 Nxe5 17.Bxe5 dxe5 18.Rxe5
Bd6 19.Re4 a6 20.Bd3 Re8 21.Qb3 Rxe4 22.Bxe4 b6 23.Re1 g6 24.Qc3
Qg5 25.Qc6 Rd8 26.b4 Qd2 27.Qc1 Qxc1 28.Rxc1 1/2-1/2

[Event "Moscow Open 2009 B"]
[Site "www.moscowchessopen.ru"]
[Date "2009.02.03"]
[Round "4.94"]
[White "Magdalinskaya, Evgenia"]
[Black "Sinelnikov, Igor"]
[Result "0-1"]
[WhiteElo "1800"]
[BlackElo "2158"]
[Annotator ""]
[Source ""]
[Remark ""]

1.Nf3 g6 2.e4 Bg7 3.d4 d6 4.h3 Nf6 5.Bd3 O-O 6.O-O Nc6 7.c3 e5
8.d5 Ne7 9.Be3 Nh5 10.Qc1 f5 11.Bh6 fxe4 12.Bxe4 Nf6 13.Bc2 Nfxd5
14.Bxg7 Kxg7 15.Nbd2 Nf4 16.Kh2 h6 17.Qe1 g5 18.Rd1 Neg6 19.Nc4
Qf6 20.Ne3 Nxg2 21.Nxg2 Qxf3 22.Rd3 Qf6 23.Rg3 d5 24.Bxg6 Kxg6
25.Qd2 Be6 26.h4 g4 27.f4 h5 28.f5+ Bxf5 29.Qxd5 Rad8 30.Qxb7
Rd2 31.Kg1 Qb6+ 32.Qxb6+ cxb6 33.Ne3 Rxb2 34.Nd5 Rf7 35.Re3 Be6
36.Rxf7 Bxf7 37.Rxe5 Bxd5 38.Rxd5 Rxa2 39.Rg5+ Kh6 40.Rd5 Rb2
41.Rd6+ Kg7 42.Rd7+ Kf6 43.Rxa7 Kf5 44.Rh7 g3 45.Rxh5+ Kg4 46.Rh6
Kh3 0-1

[Event "Moscow Open 2009 B"]
[Site "www.moscowchessopen.ru"]
[Date "2009.02.03"]
[Round "4.106"]
[White "Malov, Lev"]
[Black "Kleiman, B"]
[Result "0-1"]
[WhiteElo "2036"]
[BlackElo "2295"]
[Annotator ""]
[Source ""]
[Remark ""]

1.d4 d5 2.Nc3 Nf6 3.Bg5 Nbd7 4.e3 c6 5.Bd3 e5 6.Bf5 Bd6 7.Nf3
e4 8.Bxd7+ Qxd7 9.Nd2 Ng4 10.Qe2 Qf5 11.f4 h6 12.Bh4 g5 13.h3
Nxe3 14.Qxe3 Bxf4 15.Qe2 gxh4 16.O-O-O Be6 17.Rhf1 Qg5 18.Kb1
Bd6 19.Rg1 O-O-O 20.Na4 Rhg8 21.Nb3 f5 22.Nac5 Qe7 23.Qh5 Kb8
24.Qxh6 Bc8 25.Qd2 Rg3 26.Qf2 Rdg8 27.Nc1 Qg5 28.Ne2 Rxg2 29.Rxg2
Qxg2 30.Qe3 Qh2 31.Nb3 f4 32.Qd2 Rg2 33.Nbc1 f3 34.Qh6 fxe2 35.Re1
Bg3 0-1

[Event "Moscow Open 2009 B"]
[Site "www.moscowchessopen.ru"]
[Date "2009.02.03"]
[Round "4.107"]
[White "Orekhovsky, Vasily"]
[Black "Kalinin, Anatoly"]
[Result "0-1"]
[WhiteElo "2016"]
[BlackElo "2293"]
[Annotator ""]
[Source ""]
[Remark ""]

1.e4 c6 2.d4 d5 3.e5 Bf5 4.Nc3 e6 5.g4 Bg6 6.Nge2 c5 7.h4 cxd4
8.Nxd4 h5 9.g5 Nc6 10.f4 Nge7 11.Be3 Nxd4 12.Bxd4 Nc6 13.Bd3
Bxd3 14.Qxd3 g6 15.O-O Rc8 16.Kh2 a6 17.a3 Be7 18.Ne2 O-O 19.c3
Na5 20.Ng3 Nb3 21.Rae1 Rc4 22.f5 exf5 23.Rf4 Nc5 24.Qf3 Ne6 25.Nxf5
gxf5 26.Rxf5 Rxd4 27.cxd4 Nxd4 28.Qd3 Nxf5 29.Qxf5 Qe8 30.Qf3
Qc6 31.Qxh5 Qe6 32.Qf3 Rc8 33.Re2 Rc4 34.Kg3 Bf8 35.h5 Bg7 36.g6
fxg6 37.hxg6 Qxg6+ 38.Kf2 Qf7 0-1

[Event "Moscow Open 2009 B"]
[Site "www.moscowchessopen.ru"]
[Date "2009.02.03"]
[Round "4.108"]
[White "Volkov, Sergei"]
[Black "Lagoda, Vladimir"]
[Result "1-0"]
[WhiteElo "2286"]
[BlackElo "2032"]
[Annotator ""]
[Source ""]
[Remark ""]

1.Nc3 e5 2.Nf3 Nc6 3.d4 exd4 4.Nxd4 Bb4 5.Nxc6 Bxc3+ 6.bxc3 bxc6
7.e4 Qe7 8.Bd3 Nf6 9.O-O O-O 10.Re1 Qc5 11.e5 Nd5 12.Qh5 g6 13.Qh6
Re8 14.c4 Nf6 15.Bb2 Ng4 16.Qf4 Qb4 17.Bd4 d6 18.c3 Qa5 19.exd6
Be6 20.c5 cxd6 21.Qxd6 Qd8 22.Qxc6 Qh4 23.h3 Nh6 24.Re4 Qd8 25.Rae1
Rc8 26.Qa6 Nf5 27.Bc4 Qd7 28.Bb5 1-0

[Event "Moscow Open 2009 B"]
[Site "www.moscowchessopen.ru"]
[Date "2009.02.03"]
[Round "4.109"]
[White "Volkov, Anton"]
[Black "Smagin, Nikita"]
[Result "1-0"]
[WhiteElo "2268"]
[BlackElo "2034"]
[Annotator ""]
[Source ""]
[Remark ""]

1.d4 Nf6 2.Nf3 g6 3.c4 Bg7 4.g3 O-O 5.Bg2 d6 6.O-O c6 7.Nc3 Nbd7
8.b3 e5 9.Qc2 Qc7 10.Rd1 Re8 11.dxe5 dxe5 12.h3 Nh5 13.e4 Nc5
14.Ba3 b6 15.Bxc5 bxc5 16.Ne1 Bh6 17.Nd3 f5 18.exf5 Bxf5 19.Ne4
Rad8 20.Qe2 Rd4 21.Ndxc5 Qe7 22.Rd3 Kh8 23.Rad1 Kg8 24.Bf3 Ng7
25.Rxd4 exd4 26.Rxd4 Bxe4 27.Rxe4 Qxc5 28.Rxe8+ Nxe8 29.Qxe8+
Kg7 30.Bxc6 Bc1 31.Bd5 Qd4 32.Kg2 Bd2 33.h4 Bb4 34.Qd7+ Kf6 35.Qc6+
Kg7 36.Qb7+ 1-0

[Event "Moscow Open 2009 B"]
[Site "www.moscowchessopen.ru"]
[Date "2009.02.03"]
[Round "4.110"]
[White "Kazakov, Konstantin"]
[Black "Zhdanov, Vladimir"]
[Result "0-1"]
[WhiteElo "2265"]
[BlackElo "2025"]
[Annotator ""]
[Source ""]
[Remark ""]

1.e4 Nf6 2.e5 Ng8 3.Nf3 d6 4.d4 Bg4 5.Bc4 d5 6.Be2 e6 7.O-O c5
8.c3 Nc6 9.Nbd2 Qb6 10.dxc5 Bxc5 11.b4 Be7 12.a4 Nh6 13.h3 Bh5
14.Re1 O-O 15.Nb3 Bxf3 16.Bxf3 Nf5 17.Bf4 a6 18.Rc1 Rfd8 19.a5
Qa7 20.Qd3 Nh4 21.Bd1 Ng6 22.Bg3 d4 23.Re4 dxc3 24.Qxc3 Rac8
25.Kh1 Qb8 26.Rc4 Bxb4 27.Qe3 Bxa5 28.Rxc6 Rxc6 29.Nxa5 Rxc1
30.Qxc1 Qc8 31.Qxc8 Rxc8 32.Kh2 b6 33.Nb7 Rc7 34.Nd6 b5 35.f4
Rc1 36.Bb3 Rb1 37.Bc2 Rb2 38.Bd3 Ne7 39.Be1 Nd5 40.f5 Ne3 41.Be4
exf5 42.Bb7 b4 43.Bxa6 Rxg2+ 44.Kh1 Ra2 0-1

[Event "Moscow Open 2009 B"]
[Site "www.moscowchessopen.ru"]
[Date "2009.02.03"]
[Round "4.111"]
[White "Kotov, Andrey"]
[Black "Potlov, Semen"]
[Result "1-0"]
[WhiteElo "2254"]
[BlackElo "2020"]
[Annotator ""]
[Source ""]
[Remark ""]

1.e4 e6 2.Nf3 d5 3.exd5 exd5 4.d4 Bd6 5.Bd3 Ne7 6.O-O Bg4 7.c3
Nbc6 8.Bg5 f6 9.Bh4 Qd7 10.Nbd2 O-O-O 11.a4 Rde8 12.b4 Nd8 13.Bb5
c6 14.Bd3 Nf5 15.Bg3 Nxg3 16.hxg3 h5 17.Bg6 Ref8 18.Qc2 Rh6 19.Nh4
f5 20.f3 Bh3 21.Kh2 Qe7 22.Kxh3 Bxg3 23.Bxf5+ Kc7 24.Kxg3 g5
25.Ng6 Qe3 26.Rae1 h4+ 27.Kh2 1-0

[Event "Moscow Open 2009 B"]
[Site "www.moscowchessopen.ru"]
[Date "2009.02.03"]
[Round "4.112"]
[White "Dolbnia, Dmitry"]
[Black "Zernyshkin, Vladislav"]
[Result "0-1"]
[WhiteElo "2027"]
[BlackElo "2242"]
[Annotator ""]
[Source ""]
[Remark ""]

1.e4 e6 2.d4 d5 3.Nd2 c5 4.exd5 Qxd5 5.Ngf3 cxd4 6.Bc4 Qd6 7.O-O
Nf6 8.Nb3 Nc6 9.Nbxd4 Nxd4 10.Nxd4 a6 11.c3 Qc7 12.Bd3 Bd6 13.h3
O-O 14.Bg5 Nd5 15.Qh5 g6 16.Qh6 Be5 17.Nf3 Bg7 18.Qh4 Re8 19.Be4
Nb6 20.Rad1 Bd7 21.Bh6 f6 22.Bxg7 Kxg7 23.Nd4 Rad8 24.f4 Nc4
25.Qf2 Nd6 26.Bc2 Nb5 27.Bb3 Nxd4 28.Rxd4 Bc6 29.Rfd1 Rxd4 30.Rxd4
e5 31.fxe5 Rxe5 32.Rd2 Qe7 33.Qf4 Rf5 34.Qg3 Rg5 35.Qf4 Qe1+
36.Kh2 Rf5 37.Qc7+ Kh6 38.Rd1 Qe2 39.Rg1 Rg5 40.Qf4 Bxg2 41.Qxg5+
fxg5 42.Rxg2 Qe5+ 43.Kg1 Qe3+ 44.Kh2 Kg7 45.a3 h5 46.Bc2 Qe5+
47.Kg1 Qe3+ 48.Kh2 Qf4+ 49.Kg1 Qc1+ 50.Kh2 Qxb2 51.Bxg6 Qxg2+
52.Kxg2 Kxg6 53.Kf3 Kf5 54.a4 a5 55.c4 Ke5 56.Ke3 0-1

[Event "Moscow Open 2009 B"]
[Site "www.moscowchessopen.ru"]
[Date "2009.02.03"]
[Round "4.113"]
[White "Vashchenko, Jurij"]
[Black "Bolshakov, Dmitry"]
[Result "1/2-1/2"]
[WhiteElo "2016"]
[BlackElo "2217"]
[Annotator ""]
[Source ""]
[Remark ""]

1.e4 c5 2.Nf3 d6 3.d4 cxd4 4.Nxd4 Nf6 5.Nc3 a6 6.Bg5 e6 7.f4
Be7 8.Qf3 Qc7 9.O-O-O Nbd7 10.Bd3 h6 11.Bh4 g5 12.fxg5 Ne5 13.Qe2
Nfg4 14.Nf3 Nxf3 15.gxf3 hxg5 16.Bg3 Ne5 17.f4 gxf4 18.Bxf4 Bd7
19.Rhf1 Rh7 20.Rf2 O-O-O 21.Kb1 Bh4 22.Rff1 Kb8 23.Be3 Rdh8 24.Bg1
Be7 25.a3 Rh3 26.Na2 Ba4 27.Nc3 Be8 28.Na2 Qa5 29.Nb4 Kc8 30.Qd2
Qc7 31.Be2 Ba4 32.Rc1 Be8 1/2-1/2

[Event "Moscow Open 2009 B"]
[Site "www.moscowchessopen.ru"]
[Date "2009.02.03"]
[Round "4.114"]
[White "Grishaev, Igor"]
[Black "Kondratiev, Vissarion L"]
[Result "0-1"]
[WhiteElo "2010"]
[BlackElo "2188"]
[Annotator ""]
[Source ""]
[Remark ""]

1.e4 c5 2.Nf3 Nc6 3.d4 cxd4 4.Nxd4 Nf6 5.Nc3 e6 6.Be3 Bb4 7.Nxc6
bxc6 8.e5 Nd5 9.Bd2 Qa5 10.Ne4 Bxd2+ 11.Nxd2 Nf4 12.Qf3 Qxe5+
13.Kd1 Qxb2 14.Rb1 Qd4 15.g3 Nd5 16.Rb3 O-O 17.c3 Qa4 18.Bd3
Nxc3+ 19.Ke1 Nd5 20.Ra3 Qd4 21.Kf1 a5 22.Kg2 Ba6 23.Ne4 f5 24.Nd2
Nb4 25.Bxa6 Rxa6 26.Qe2 Qb2 27.Rb3 Qd4 28.Rhb1 Qa7 29.Nf3 0-1

[Event "Moscow Open 2009 B"]
[Site "www.moscowchessopen.ru"]
[Date "2009.02.03"]
[Round "4.115"]
[White "Trofimovsky, Alexander"]
[Black "Beliaev, Vitaly"]
[Result "1-0"]
[WhiteElo "2186"]
[BlackElo "2007"]
[Annotator ""]
[Source ""]
[Remark ""]

1.c4 e6 2.Nf3 d5 3.b3 Nf6 4.g3 Be7 5.Bg2 O-O 6.O-O Nfd7 7.d4
Bf6 8.Nc3 dxc4 9.bxc4 Nb6 10.Ba3 Re8 11.Qd3 Nc6 12.Rad1 Be7 13.c5
Nd5 14.e4 Nxc3 15.Qxc3 Bd7 16.Bb2 Bf8 17.d5 exd5 18.exd5 Ne7
19.Ne5 Ng6 20.Nxd7 Qxd7 21.c6 Qd6 22.cxb7 Rab8 23.Rfe1 Red8 24.Qc6
Qb4 25.Bc3 Qc5 26.Rb1 Bd6 27.Rb5 1-0

[Event "Moscow Open 2009 B"]
[Site "www.moscowchessopen.ru"]
[Date "2009.02.03"]
[Round "4.116"]
[White "Nikulin, Viktor"]
[Black "Medvedev, Vladimir"]
[Result "0-1"]
[WhiteElo "1978"]
[BlackElo "2182"]
[Annotator ""]
[Source ""]
[Remark ""]

1.c4 f5 2.Nc3 Nf6 3.d4 g6 4.g3 Bg7 5.Bg2 O-O 6.Nf3 d6 7.O-O Nc6
8.d5 Ne5 9.Nxe5 dxe5 10.e4 f4 11.f3 g5 12.c5 Qe8 13.g4 h5 14.h3
a6 15.b4 Qg6 16.Bb2 Ne8 17.Qe2 Qh6 18.Rf2 hxg4 19.hxg4 Kf7 20.Bf1
Rh8 21.Rh2 Qxh2+ 22.Qxh2 Rxh2 23.Kxh2 Nf6 24.Be2 Bd7 25.Kg2 Rh8
26.Rh1 Rxh1 27.Kxh1 e6 28.Kg2 exd5 29.exd5 e4 30.Nxe4 Nxe4 31.Bxg7
Ng3 32.Bxa6 bxa6 33.c6 Bxc6 34.Be5 Bxd5 35.Bxc7 Bxa2 36.Bd8 Kg6
37.Bb6 Bc4 38.Bd4 Ne2 39.Bb2 Kf7 40.Kf2 Ke6 0-1

[Event "Moscow Open 2009 B"]
[Site "www.moscowchessopen.ru"]
[Date "2009.02.03"]
[Round "4.117"]
[White "Atababayev, Khalid"]
[Black "Murzin, Sergey"]
[Result "1/2-1/2"]
[WhiteElo "1961"]
[BlackElo "2160"]
[Annotator ""]
[Source ""]
[Remark ""]

1.d4 Nf6 2.c4 e6 3.Nc3 d5 4.cxd5 exd5 5.Bg5 Be7 6.Qc2 Nbd7 7.e3
c6 8.Bd3 h6 9.Bh4 b5 10.Nf3 O-O 11.O-O Bb7 12.Rac1 a6 13.Rfd1
Re8 14.Ne2 Ne4 15.Bxe7 Qxe7 16.Ng3 g6 17.Bxe4 dxe4 18.Nd2 f5
19.Nb3 a5 20.Nc5 Nxc5 21.dxc5 Rad8 22.Ne2 Rxd1+ 23.Rxd1 Rd8 24.Qb3+
Kg7 25.Rxd8 Qxd8 26.Nd4 Qf6 27.h3 g5 28.Qc3 b4 29.Nxf5+ Kg6 30.Qxf6+
Kxf6 31.Nd6 Ba6 32.Nxe4+ Ke5 33.Nd2 Kd5 34.f4 gxf4 35.exf4 a4
36.Kf2 Kxc5 37.Ke3 Kd5 38.f5 Ke5 39.g4 Bb5 40.Nf3+ Kd6 41.h4
c5 42.g5 hxg5 43.hxg5 Bd7 44.f6 Be8 45.Nd2 Bf7 46.a3 Ke5 47.Kd3
Kf4 48.Nc4 Kxg5 49.Na5 Kxf6 1/2-1/2

[Event "Moscow Open 2009 B"]
[Site "www.moscowchessopen.ru"]
[Date "2009.02.03"]
[Round "4.118"]
[White "Malyshev, Roman"]
[Black "Stoljarov, Dmitriy"]
[Result "0-1"]
[WhiteElo "2154"]
[BlackElo "1983"]
[Annotator ""]
[Source ""]
[Remark ""]

1.c4 c6 2.e4 d5 3.exd5 cxd5 4.d4 Nf6 5.Nf3 e6 6.Nc3 Nc6 7.Bg5
Be7 8.Bd3 a6 9.O-O dxc4 10.Bxc4 b5 11.Bb3 O-O 12.Rc1 Bb7 13.Re1
h6 14.Bxf6 Bxf6 15.d5 exd5 16.Bxd5 Rc8 17.Qd2 Qb6 18.Ne4 Be7
19.Qf4 Nb4 20.Rxc8 Bxc8 21.Qe5 Nxd5 22.Qxd5 Be6 23.Qe5 Bb4 24.Ra1
Rc8 25.a3 Bf8 26.h3 Qc7 27.Qd4 Rd8 28.Qc3 Qxc3 29.Nxc3 Rd3 30.Kf1
Be7 31.Ke1 Bf6 32.Rc1 Bxh3 33.Ke2 Bf5 34.g4 Bg6 35.Nd2 Bg5 36.Rd1
Rd4 37.Nde4 Rxe4+ 38.Nxe4 Bxe4 39.Rd6 Bc1 40.f3 Bg6 41.Rxa6 Bxb2
42.Ra8+ Kh7 43.a4 bxa4 44.Rxa4 h5 45.gxh5 Bxh5 46.Kf2 g5 47.Kg2
f5 48.Ra7+ Kg6 49.Ra6+ Bf6 50.Rb6 g4 51.f4 Kg7 52.Kg3 Bf7 53.Ra6
Bc3 0-1

[Event "Moscow Open 2009 B"]
[Site "www.moscowchessopen.ru"]
[Date "2009.02.03"]
[Round "4.119"]
[White "Ovchinnikov, Andrey"]
[Black "Savitskiy, Sergey"]
[Result "0-1"]
[WhiteElo "1964"]
[BlackElo "2143"]
[Annotator ""]
[Source ""]
[Remark ""]

1.c4 e5 2.Nc3 Nf6 3.Nf3 Nc6 4.g3 g6 5.Bg2 Bg7 6.O-O O-O 7.d4
exd4 8.Nxd4 Nxd4 9.Qxd4 d6 10.Qh4 Ng4 11.Qxd8 Rxd8 12.Bg5 f6
13.Bf4 Ne5 14.Nd5 c6 15.Ne7+ Kf7 16.Nxc8 Raxc8 17.b3 Ke7 18.Rad1
Nf7 19.Be3 b6 20.Bd4 Kf8 21.Rd2 Ng5 22.Rfd1 Ne6 23.Bb2 Ke7 24.Bh3
Rc7 25.b4 f5 26.Bxg7 Nxg7 27.Bg2 a6 28.e4 b5 29.c5 Ne8 30.exf5
gxf5 31.cxd6+ Rxd6 32.Rxd6 Nxd6 33.Rc1 Nc4 34.Bf1 Nb6 35.Bd3
Kf6 36.Kg2 Na4 37.Re1 c5 38.bxc5 Nxc5 39.Bc2 Rd7 40.Re2 a5 41.Kf3
b4 42.h3 Ne6 43.Kg2 Rc7 44.Rd2 Rc3 45.Bb3 Nc5 46.Bg8 Kg7 47.Bd5
a4 48.g4 fxg4 49.hxg4 Rd3 50.Rxd3 Nxd3 51.Be4 b3 52.a3 Ne1+ 53.Kf1
Nc2 54.Ke2 Nxa3 55.Kd2 b2 0-1

[Event "Moscow Open 2009 B"]
[Site "www.moscowchessopen.ru"]
[Date "2009.02.03"]
[Round "4.120"]
[White "Rosanov, Lev I"]
[Black "Radivilov, Igor"]
[Result "1-0"]
[WhiteElo "2129"]
[BlackElo "1947"]
[Annotator ""]
[Source ""]
[Remark ""]

1.e4 c6 2.d4 d5 3.e5 Bf5 4.Nf3 e6 5.a3 c5 6.c4 Nc6 7.cxd5 exd5
8.Nc3 c4 9.Be2 Nge7 10.O-O Nc8 11.b3 cxb3 12.Qxb3 Nb6 13.Bg5
Be7 14.Bxe7 Nxe7 15.Bb5+ Bd7 16.Bd3 O-O 17.a4 Bc6 18.Nd2 Qd7
19.Qc2 Ng6 20.f4 f5 21.a5 Nc4 22.Nxc4 dxc4 23.Bxc4+ Kh8 24.d5
b5 25.Bb3 Bb7 26.a6 Bc8 27.e6 Qd6 28.Rad1 Bxa6 29.Ne2 Rac8 30.Qa2
b4 31.g3 Bxe2 32.Qxe2 a5 33.Rfe1 Ne7 34.Qb5 Rc5 35.Qe2 a4 36.Bxa4
Rxd5 37.Bb3 Rd4 38.Qe3 Rxd1 39.Rxd1 Qa6 40.Rd7 Qa1+ 41.Kg2 Qb2+ 1-0

[Event "Moscow Open 2009 B"]
[Site "www.moscowchessopen.ru"]
[Date "2009.02.03"]
[Round "4.121"]
[White "Litvinov, Viktor"]
[Black "Nastashuk, Stanislav"]
[Result "0-1"]
[WhiteElo "2125"]
[BlackElo "1936"]
[Annotator ""]
[Source ""]
[Remark ""]

1.c4 c5 2.Nc3 Nc6 3.g3 g6 4.Bg2 Bg7 5.Nf3 e5 6.O-O Nge7 7.a3
O-O 8.Rb1 a5 9.d3 d6 10.Bd2 Rb8 11.Qc1 Re8 12.Bh6 Bh8 13.Bg5
f6 14.Bd2 Be6 15.e4 Rf8 16.Nd5 b5 17.b3 Qd7 18.Qc2 Bg7 19.Be3
h6 20.Nd2 f5 21.Nxe7+ Nxe7 22.exf5 Nxf5 23.Ne4 Nxe3 24.fxe3 Rxf1+
25.Rxf1 Kh7 26.Qf2 Bf5 27.Qd2 b4 28.a4 Rd8 29.Kf2 0-1

[Event "Moscow Open 2009 B"]
[Site "www.moscowchessopen.ru"]
[Date "2009.02.03"]
[Round "4.122"]
[White "Khatoev, Eduard"]
[Black "Dubov, Alexandr"]
[Result "1-0"]
[WhiteElo "2120"]
[BlackElo "1903"]
[Annotator ""]
[Source ""]
[Remark ""]

1.d4 Nf6 2.Nf3 d5 3.e3 Bf5 4.c4 c6 5.Nc3 e6 6.Nh4 Bg4 7.Qb3 Qc7
8.h3 Bh5 9.g4 Bg6 10.Nxg6 hxg6 11.Bg2 Nbd7 12.cxd5 exd5 13.g5
Nh7 14.h4 Bd6 15.Bd2 Nhf8 16.O-O-O O-O-O 17.Kb1 Nb6 18.Rc1 Nc4
19.Be1 b5 20.Nxb5 cxb5 21.Qxb5 Qb8 22.Qxb8+ Kxb8 23.Bxd5 Nb6
24.Bxf7 Rd7 25.Bb3 Re7 26.Rc6 Nc8 27.Ba5 Ne6 28.Bxe6 Rxe6 29.Bc7+
Kb7 30.Rhc1 Rxh4 31.Bxd6 Nxd6 32.d5 Re5 33.Rxd6 Rxg5 34.Rd7+
Kb8 35.d6 Rh2 36.Rdc7 1-0

[Event "Moscow Open 2009 B"]
[Site "www.moscowchessopen.ru"]
[Date "2009.02.03"]
[Round "4.123"]
[White "Zhukovsky, Viacheslav"]
[Black "Emdin, Mark"]
[Result "1/2-1/2"]
[WhiteElo "2115"]
[BlackElo "1885"]
[Annotator ""]
[Source ""]
[Remark ""]

1.c4 e5 2.Nc3 Nc6 3.g3 g6 4.Bg2 Bg7 5.Nf3 f5 6.O-O Nf6 7.d4 e4
8.Ng5 O-O 9.Nh3 d5 10.cxd5 Nxd5 11.e3 Be6 12.Bd2 h6 13.a3 g5
14.Kh1 Qd7 15.Ng1 Nce7 16.Rc1 c6 17.Na4 b6 18.b4 Nf6 19.Qc2 Bd5
20.Nb2 Ng6 21.Ne2 Rae8 22.a4 Rc8 23.Nc3 Qd6 24.Kg1 Rfe8 25.Nxd5
cxd5 26.Qb3 f4 27.Rxc8 Rxc8 28.Rc1 Rxc1+ 29.Bxc1 h5 1/2-1/2

[Event "Moscow Open 2009 B"]
[Site "www.moscowchessopen.ru"]
[Date "2009.02.03"]
[Round "4.124"]
[White "Voronkov, Denis"]
[Black "Kartsev, Sergei"]
[Result "0-1"]
[WhiteElo "1960"]
[BlackElo "2114"]
[Annotator ""]
[Source ""]
[Remark ""]

1.d4 d5 2.Nf3 Nf6 3.Bg5 Bf5 4.Bxf6 exf6 5.e3 Bd6 6.c4 dxc4 7.Bxc4
O-O 8.Nc3 c6 9.O-O Bg4 10.h3 Be6 11.Bxe6 fxe6 12.Ne4 Rf7 13.Qb3
Re7 14.Nc5 Bxc5 15.dxc5 Qd5 16.Qc3 Na6 17.b4 Qe4 18.Nd4 Nc7 19.Rfd1
Rd8 20.Rd2 Red7 21.Rad1 e5 22.Nf3 Rxd2 23.Rxd2 Rxd2 24.Nxd2 Qd5
25.Qb3 Kf8 26.Qxd5 cxd5 27.Kf1 a5 28.bxa5 Na6 29.e4 0-1

[Event "Moscow Open 2009 B"]
[Site "www.moscowchessopen.ru"]
[Date "2009.02.03"]
[Round "4.125"]
[White "Buvaltsev, Andrey"]
[Black "Procop, Egor"]
[Result "1-0"]
[WhiteElo "2110"]
[BlackElo "1739"]
[Annotator ""]
[Source ""]
[Remark ""]

1.Nf3 Nf6 2.d4 e6 3.Bf4 d5 4.e3 Bd6 5.Ne5 O-O 6.Bd3 b6 7.c3 Ba6
8.Bc2 c5 9.Nd2 Qc7 10.Bg3 Nbd7 11.f4 Rac8 12.Ndf3 h6 13.Bh4 cxd4
14.exd4 Nh5 15.Nxd7 Qxd7 16.Ne5 Bxe5 17.fxe5 Nf4 18.Bg3 Ng6 19.h4
Rc7 20.h5 Ne7 21.Qf3 Qb5 22.Rb1 Nc8 23.Bh4 Ne7 24.g4 Nc6 25.a4
Nxd4 26.axb5 Nxf3+ 27.Kf2 Nxh4 28.bxa6 g5 29.hxg6 Nxg6 30.Bxg6
fxg6+ 1-0

[Event "Moscow Open 2009 B"]
[Site "www.moscowchessopen.ru"]
[Date "2009.02.03"]
[Round "4.130"]
[White "Shabanov, Nurlan Mammad Oglu"]
[Black "Kurnaev, Vladimir"]
[Result "1-0"]
[WhiteElo "1825"]
[BlackElo "2063"]
[Annotator ""]
[Source ""]
[Remark ""]

1.d4 e6 2.c4 Nf6 3.Nc3 Bb4 4.g3 O-O 5.Bg2 c5 6.Nf3 Nc6 7.O-O
cxd4 8.Nxd4 Ne5 9.Qb3 Bc5 10.Rd1 Nfg4 11.Ne4 d6 12.Bh3 Bxd4 13.Rxd4
f5 14.Nxd6 Qf6 15.Rd1 Nh6 16.Be3 f4 17.Bxf4 Ng6 18.Ne4 Qf7 19.Bxh6
gxh6 20.Qe3 Kg7 21.c5 e5 22.Nd6 Qf6 23.Nxc8 Raxc8 1-0

[Event "Moscow Open 2009 B"]
[Site "www.moscowchessopen.ru"]
[Date "2009.02.03"]
[Round "4.132"]
[White "Kuzin, Sergey"]
[Black "Gvilava, Maya"]
[Result "0-1"]
[WhiteElo "2037"]
[BlackElo "2052"]
[Annotator ""]
[Source ""]
[Remark ""]

1.d4 Nf6 2.c4 g6 3.Nc3 Bg7 4.g3 O-O 5.Bg2 c6 6.Nf3 d5 7.cxd5
cxd5 8.O-O Nc6 9.Ne5 Bf5 10.Bf4 Qb6 11.Qd2 Rfd8 12.Nxc6 bxc6
13.f3 Nd7 14.e3 e5 15.dxe5 Nxe5 16.Bxe5 Bxe5 17.Kh1 Rab8 18.g4
Qxb2 19.Qxb2 Rxb2 20.gxf5 Bxc3 21.fxg6 hxg6 22.Rac1 Bd2 23.Rxc6
Bxe3 24.Ra6 Rc8 25.Ra3 d4 0-1

[Event "Moscow Open 2009 B"]
[Site "www.moscowchessopen.ru"]
[Date "2009.02.03"]
[Round "4.138"]
[White "Savin, Boris"]
[Black "Mihnenko, Nikita"]
[Result "1-0"]
[WhiteElo "2189"]
[BlackElo "1955"]
[Annotator ""]
[Source ""]
[Remark ""]

1.d4 c5 2.d5 e6 3.c4 Nf6 4.Nc3 exd5 5.cxd5 d6 6.Nf3 Bg4 7.Nd2
Be7 8.h3 Bh5 9.g4 Bg6 10.Bg2 O-O 11.O-O Nfd7 12.e4 h5 13.f4 hxg4
14.hxg4 Bf6 15.e5 dxe5 16.f5 Bh7 17.Nde4 Qb6 18.g5 Bd8 19.Be3
Qa5 20.Qg4 g6 21.f6 Bb6 22.Qh4 1-0

[Event "Moscow Open 2009 B"]
[Site "www.moscowchessopen.ru"]
[Date "2009.02.03"]
[Round "4.139"]
[White "Buzukashvili, Sofia"]
[Black "Sangadzhiev, German"]
[Result "0-1"]
[WhiteElo "1954"]
[BlackElo "2180"]
[Annotator ""]
[Source ""]
[Remark ""]

1.d4 Nf6 2.c4 e6 3.Nc3 Bb4 4.Qc2 c5 5.Nf3 Nc6 6.e3 O-O 7.Bd3
d5 8.dxc5 Qa5 9.Bd2 Qxc5 10.Na4 Bxd2+ 11.Nxd2 Qa5 12.Nc3 d4 13.Nd1
Nb4 14.Qb1 dxe3 15.Nxe3 Nxd3+ 16.Qxd3 Rd8 17.Qc2 Ne4 18.O-O-O
Nc5 19.Nf3 Bd7 20.Kb1 Bc6 0-1

[Event "Moscow Open 2009 B"]
[Site "www.moscowchessopen.ru"]
[Date "2009.02.03"]
[Round "4.140"]
[White "Uteshev, Arsen"]
[Black "Levashov, Michael"]
[Result "0-1"]
[WhiteElo "2141"]
[BlackElo "1952"]
[Annotator ""]
[Source ""]
[Remark ""]

1.d4 Nf6 2.Nf3 e6 3.c4 b6 4.g3 Bb7 5.Bg2 Be7 6.O-O O-O 7.b3 c5
8.Bb2 cxd4 9.Nxd4 Bxg2 10.Kxg2 d5 11.Nd2 dxc4 12.Nxc4 Qd5+ 13.f3
Nbd7 14.e4 Qb7 15.Rf2 a6 16.Rc1 Rac8 17.Rfc2 Rfd8 18.Qe2 Rc7
19.a3 Rdc8 20.b4 b5 21.Na5 Rxc2 22.Rxc2 Qa8 23.Ndc6 Bf8 24.Bd4
Re8 25.Qe3 e5 26.Bb2 Bd6 27.Qd3 Bc7 28.Ne7+ Rxe7 29.Rxc7 Re8
30.Nc6 h6 31.Qd6 Re6 32.Qd3 Rxc6 33.Rxc6 Qxc6 34.Bc3 Qc4 0-1

[Event "Moscow Open 2009 B"]
[Site "www.moscowchessopen.ru"]
[Date "2009.02.03"]
[Round "4.142"]
[White "Lobanov, Igor"]
[Black "Antonov, Alexandr"]
[Result "1/2-1/2"]
[WhiteElo "1948"]
[BlackElo "2121"]
[Annotator ""]
[Source ""]
[Remark ""]

1.e4 c5 2.Nf3 d6 3.d4 cxd4 4.Nxd4 Nf6 5.Nc3 Nc6 6.Bg5 e6 7.Qd2
a6 8.O-O-O Bd7 9.f4 b5 10.Qe3 Qb6 11.Bxf6 gxf6 12.Nce2 Qc5 13.Qd2
a5 14.Nc3 Nxd4 15.Qxd4 Qxd4 16.Rxd4 Rb8 17.Be2 b4 18.Nd1 e5 19.fxe5
fxe5 20.Rd5 Bc6 21.Rxa5 Bxe4 22.Bb5+ Kd8 23.Rf1 Bh6+ 24.Kb1 Ke7
25.Bc4 f6 26.Bd5 Bxd5 27.Rxd5 Rhf8 28.g4 Ke6 29.Rd3 Bf4 30.Ne3
Bxe3 31.Rxe3 Rg8 32.h3 h5 33.Ref3 Rbf8 34.gxh5 f5 35.Rb3 Rb8
36.c3 bxc3 37.Rxc3 Rg5 38.h6 Rh5 39.h7 Rxh7 40.Rg3 Rh5 41.Kc2
d5 42.b3 Rbh8 43.a4 Rxh3 44.Rxh3 Rxh3 45.a5 1/2-1/2

[Event "Moscow Open 2009 B"]
[Site "www.moscowchessopen.ru"]
[Date "2009.02.03"]
[Round "4.143"]
[White "Aliekhin, Vladislav"]
[Black "Guseinov, Djelal"]
[Result "1-0"]
[WhiteElo "2120"]
[BlackElo "1928"]
[Annotator ""]
[Source ""]
[Remark ""]

1.c4 Nf6 2.Nf3 g6 3.Nc3 Bg7 4.d4 c5 5.e4 cxd4 6.Nxd4 d6 7.f3
Nc6 8.Be3 O-O 9.Qd2 Bd7 10.Rc1 Nxd4 11.Bxd4 Bc6 12.Bd3 Nd7 13.Bxg7
Kxg7 14.O-O Qb6+ 15.Qf2 Qxf2+ 16.Kxf2 Nc5 17.Ke3 a5 18.g4 a4
19.f4 Ra6 20.f5 g5 21.Rf2 f6 22.Ne2 Rb6 23.Nd4 Bd7 24.Rb1 h5
25.gxh5 Nxd3 26.Kxd3 Rh8 27.h4 Rxh5 28.hxg5 fxg5 29.Nf3 Kf6 30.Rg1
g4 31.Rxg4 Be8 32.Rg3 Bf7 33.Nh2 Rg5 34.Rxg5 Kxg5 35.Nf1 Rc6
36.Ne3 e6 37.fxe6 Bxe6 38.Nd5 Bxd5 39.Rf5+ Kg6 40.Rxd5 Rb6 41.Kc3
Kf6 1-0